00490ntaaa2200157 45000030003000000050017000030080021000200400037000410820017000781000027000952450101001222500041002233000014002646500033002786500021003110120251027201949.00714s1973 ag 01  aAR-BaBNbspacAR-BaBNeaacrdRIC a248.0000 Sm5 aSmith, Hannah Whitall  aPractice of the presence of God, being conversations and letters of Nicholas Herman of Lorraine. a5 ed. : bJ. Nisbet and Co., cc1904 aiv, 44 p. aNicolás Herman of Lorraine aBrother Lawrence